LEADER 00737nam0 2200253 450 001 000013364 005 20080620142354.0 100 $a20080620d1979----km-y0itay50------ba 101 0 $aita 102 $aIT 105 $ay-------001yy 200 1 $aScienza economica e trasformazioni sociali$fGiacomo Becattini 210 $aFirenze$cLa nuova Italia$d1979 215 $aXIII, 285 p.$d21 cm 225 2 $aDimensioni$v51 410 0$12001$aDimensioni 610 1 $aEconomia 676 $a330.08$v18 700 1$aBecattini,$bGiacomo$033001 801 0$aIT$bUNIPARTHENOPE$c20080620$gRICA$2UNIMARC 912 $a000013364 951 $a032/43$b5571$cNAVA2 996 $aScienza economica e trasformazioni sociali$9509364 997 $aUNIPARTHENOPE LEADER 01149nam a2200265 i 4500 001 991001490319707536 008 111118s1978 it b 001 0 ita 035 $ab14022813-39ule_inst 040 $aDip.to Studi Giuridici$bita 082 0 $a346.086572 100 1 $aDurante, Aldo$0102593 245 13$aLa liquidazione e il risarcimento dei danni secondo la 'miniriforma' della assicurazione obbligatoria /$cAldo Durante 260 $aMilano :$bA. Giuffrè·,$c1978 300 $a[5], 264 p. ;$c25 cm. 500 $aAppendice legislativa: p. [221]-258 504 $aContiene riferimenti bibliografici 650 4$aAssicurazioni automobilistiche$xLegislazione 650 4$aRisarcimento dei danni 650 4$aDanni da incidenti stradali$xRisarcimento 907 $a.b14022813$b02-04-14$c18-11-11 912 $a991001490319707536 945 $aLE027 346.08 DUR01.01$g1$i2027000292479$lle027$o-$pE20.00$q-$rl$s- $t0$u0$v0$w0$x0$y.i15349226$z21-11-11 996 $aLiquidazione e il risarcimento dei danni secondo la 'miniriforma' della assicurazione obbligatoria$9243140 997 $aUNISALENTO 998 $ale027$b18-11-11$cm$da $e-$fita$git $h3$i0